Обеспечение условий самоэмульгирования как способ борьбы с проливами агрессивной органики; Экология и промышленность России; № 1

Dades bibliogràfiques
Parent link:Экология и промышленность России: ежемесячный общественный научно-технический журнал.— , 2001-
№ 1.— 2003.— С. 33-34
Autor principal: Вязьмин А. В.
Altres autors: Казенин Д. А., Карлов С. П.
Idioma:rus
Publicat: 2003
Col·lecció:Анализ. Методики. Прогнозы
Matèries:
Format: MixedMaterials Capítol de llibre
KOHA link:https://koha.lib.tpu.ru/cgi-bin/koha/opac-detail.pl?biblionumber=385310

MARC

LEADER 00000naa2a2200000 4500
001 385310
005 20231101063341.0
035 |a (RuTPU)RU\TPU\prd\13053 
090 |a 385310 
100 |a 20030424a2003 k y0rusy50 ca 
101 0 |a rus 
102 |a RU 
200 1 |a Обеспечение условий самоэмульгирования как способ борьбы с проливами агрессивной органики  |f А. В. Вязьмин, Д. А. Казенин, С. П. Карлов 
225 1 |a Анализ. Методики. Прогнозы 
320 |a Библиогр.: 6 назв. 
461 1 |0 (RuTPU)RU\TPU\prd\1141  |t Экология и промышленность России  |o ежемесячный общественный научно-технический журнал  |d 2001- 
463 1 |0 (RuTPU)RU\TPU\prd\12781  |t № 1  |v С. 33-34  |d 2003 
610 1 |a самоэмульгирование 
610 1 |a проливы 
610 1 |a органика 
610 1 |a агрессивная органика 
700 1 |a Вязьмин  |b А. В. 
701 1 |a Казенин  |b Д. А. 
701 1 |a Карлов  |b С. П. 
801 1 |a RU  |b 63413507  |c 20030424  |g PSBO 
942 |c BK